| 000 | 00561nam a22001937a 4500 | ||
|---|---|---|---|
| 005 | 20241021160812.0 | ||
| 010 | _aENG-142221 | ||
| 020 |
_c199.00 _a8191060752 |
||
| 035 | _aEN-125753 | ||
| 037 | _bDBAD/PUB | ||
| 082 | _a181.499 | ||
| 100 |
_aUday, Kumar _973093 |
||
| 245 |
_aWandering Soul/ _cUday Kumar |
||
| 250 | _a1 | ||
| 260 |
_aNew Delhi _bLucky International _c2012 |
||
| 270 |
_bNew Delhi _aG-68/B, Basement, Kalkaji, _e110019 _k7838260289 _mluckybk05@yahoo.co.in |
||
| 300 |
_a125p. _c22cm(pb) |
||
| 942 |
_2ddc _cEN _h181.499 _mUDA |
||
| 999 |
_c206539 _d206539 |
||